Normal view
MARC view
- Indígenas
Entry Materia
001 - NÚMERO DE CONTROL DEL REGISTRO
- campo de control: 13975
003 - IDENTIFICADOR DE NUMERO DE CONTROL
- campo de control: MX-MxUPN
005 - FECHA Y HORA DE LA ÚLTIMA TRANSACCIÓN
- campo de control: 20231127155451.0
008 - DATOS DE LONGITUD FIJA
- campo de control de longitud fija: 231127n||acnnnbabn a ana |d
035 ## - NÚMERO DE CONTROL DEL SISTEMA
- Número de control del sistema: UPN10000013983
040 ## - FUENTE DE LA CATALOGACIÓN
- Centro catalogador de origen: MX-MxUPN
- Lengua de catalogación: spa
- Agencia de transcripción: MX-MxUPN
053 #4 - NÚMERO CLASIFICADOR - BIBLIOTECA DEL CONGRESO (LC)
- Elemento numérico de la clasificación - Número único o no. inicial del rango: KG481
150 ## - ENCABEZAMIENTO - TEMÁTICO
- Término de materia o nombre geográfico como elemento inicial: Indígenas
- Subdivisión de materia general: Situación legal, leyes, etc.
450 ## - VÉASE - MATERIA
- Subcampo de control: nno
- Encabezamiento temático: Indios
- Subdivisión temática general: Situación legal, leyes, etc.
670 ## - FUENTE EN LA QUE SE LOCALIZARON DATOS
- Cita de la fuente: E/P
670 ## - FUENTE EN LA QUE SE LOCALIZARON DATOS
- Cita de la fuente: LEMB, 1998:
- Información localizada: página 569 (Indígenas)
670 ## - FUENTE EN LA QUE SE LOCALIZARON DATOS
- Cita de la fuente: Autoridades BGTQ, 27 noviembre 2023:
- Información localizada: subdivisión general (Situación legal, leyes, etc.)
902 ## - CATALOGADOR
- Catalogador: PN/070998
- Catalogador: Víctor Ruiz/271123
